| 000 | 02036nam a2200553 i 4500 | ||
|---|---|---|---|
| 001 | 35655 | ||
| 003 | KOSZ 005 | ||
| 005 | 20241213062926.0 | ||
| 008 | 231016s1994 pl a g 001 0 pol | ||
| 015 | _aUWD 1995/6649 | ||
| 035 | _a991000070379705066 | ||
| 035 | _a(PL-WaBN)b10059180-48omnis_nlop | ||
| 035 | _ab10059180 | ||
| 035 | _a(OCoLC)804265815 | ||
| 035 | _a(PL)b0000001005918 | ||
| 035 | _a(EXLNZ-48OMNIS_NETWORK)9910435732705606 | ||
| 040 |
_aWA N _cWA N _dKOSZ 005/RW |
||
| 041 | 0 |
_apol _beng |
|
| 045 | _bd1944 | ||
| 046 | _k1994 | ||
| 080 | _a94(438).082.218 | ||
| 100 | 1 |
_aBielecki, Robert _d(1939-1998) _eAutor |
|
| 245 | 1 | 0 |
_aDługa 7 w Powstaniu Warszawskim / _cRobert Bielecki. |
| 246 | 3 | _aDługa siedem w Powstaniu Warszawskim | |
| 260 |
_aWarszawa : _bNaczelna Dyrekcja Archiwów Państwowych. Archiwum Główne Akt Dawnych, _c1994. |
||
| 300 |
_a[2], 120, [2] stron, [40] stron tablic, [1] karta tablic złożona : _bfaksy, fotografie, portrety, rysunki ; _c24 cm. |
||
| 336 |
_aTekst _btxt _2rdacontent |
||
| 337 |
_aBez urządzenia pośredniczącego _bn _2rdamedia |
||
| 338 |
_aWolumin _bnc _2rdacarrier |
||
| 380 | _aKsiążki | ||
| 380 | _aPublikacje naukowe | ||
| 388 | 1 | _a1901-2000 | |
| 388 | 1 | _a1989-2000 | |
| 504 | _aBibliografia na stronach 97-102. Indeks. | ||
| 546 | _aStreszczenie w języku angielskim. | ||
| 610 | 2 | 7 |
_aObwód Śródmieście (Armia Krajowa) _2DBN |
| 648 | 7 |
_a1901-2000 _2DBN |
|
| 648 | 7 |
_a1939-1945 _2DBN |
|
| 650 | 7 |
_aII wojna światowa (1939-1945) _2DBN |
|
| 650 | 7 |
_aPałac Raczyńskich (Warszawa) _2DBN |
|
| 650 | 7 |
_aPowstanie warszawskie (1944) _2DBN |
|
| 651 | 7 |
_aWarszawa (woj. mazowieckie) _2DBN |
|
| 655 | 7 | _aMonografia | |
| 658 | _aHistoria | ||
| 710 | 2 |
_aNaczelna Dyrekcja Archiwów Państwowych _4pbl |
|
| 856 |
_uhttp://koha.tu.koszalin.pl/cgi-bin/koha/opac-detail.pl?biblionumber=35655 _yKatalog online BPK |
||
| 942 |
_2UKD _cKS |
||
| 999 |
_c35655 _d35655 |
||